000 00214nam a22000977a 4500
999 _c15796
_d15796
003 OSt
008 191021b ||||| |||| 00| 0 eng d
100 _aKunhikrishnan,Nair.
_94317
245 _aSree saibaba
942 _cBK